000 00726nam a2200205Ia 4500
001 5044
003 GE_BSU
008 181216s||||||||xx |||||||||||||| ||und||
040 _cGE_BSU
080 _a624.012.45
100 _aТоряник,М.С. ВАхненко,П.Ф. Доля К.К. Роговой,С.И.
245 _aПримеры расчета жележобетонных конструкции.
245 _cПод ред.М.С.Торяник.
260 _aМ.
260 _bСтройиздат.
260 _c1979.
300 _a240 стр. 20 см. с илл. Библиогр.: стр. 239.
653 _aПримеры расчета жележобетонных конструкции.
942 _cBK
999 _c38729
_d38729